00506nam a22001577a 4500008004100000040001800041041000800059100003000067245005400097260004300151300001800194490003900212650002400251650002000275740005300295130821s1933 fr gr fre  aCo-BoUCMbspa00afre1 aProust, MarcelD1871-192210aOeuvres completes de Marcel ProustcMarcel Proust aParís (Francia)bN. R. F. 1933c1933 a8 volúmenes aOeuvres Completes de Marcel Proust04aLiteratura francesa04aNovela francesa aA l'ombre des Jeunes filles en fleurs. V.2 T.2.